[Event "Challenge"]
[Site "http://www.queenalice.com/game.php?id=1872722"]
[Date "2026.4.30"]
[Round "-"]
[White "Mlintz"]
[Black "PaulMSains"]
[Result "0-1"]
[WhiteElo "1831"]
[BlackElo "2033"]

1. e4 d5 2. e5 Bf5 3. d4 e6 4. Nc3 Bb4 5. Bd2 Nc6 6. Be3 Nge7 7. Nf3 O-O 8. a3
Bxc3+ 9. bxc3 h6 10. h3 Bg6 11. Be2 Nf5 12. Bd2 f6 13. exf6 Qxf6 14. O-O a6 15.
Bc1 Nd6 16. a4 Ne4 17. Bb2 e5 18. dxe5 Nxe5 19. Nxe5 Qxe5 20. Re1 Qf4 21. Rf1
Kh7 22. Bd3 Rae8 23. c4 Nxf2 24. Bxg6+ Kxg6 25. Qd4 Nxh3+ 26. gxh3 Qg3+ 27. Kh1
Qxh3+ 28. Kg1 Rxf1+ 29. Rxf1 Qg3+ 30. Kh1 Kh7 31. Qd3+ Qxd3 32. cxd3 dxc4 33. d4
c6 34. Rg1 Re2 35. Rg2 Rxg2 36. Kxg2 Kg6 37. Kf3 Kg5 38. a5 h5 39. Bc1+ Kf5 40.
Be3 g5 41. Kg3 c3 42. Kf3 h4 43. Kf2 g4 44. Kg2 Ke4 0-1

[Event "Challenge"]
[Site "http://www.queenalice.com/game.php?id=1872723"]
[Date "2026.4.30"]
[Round "-"]
[White "PaulMSains"]
[Black "Mlintz"]
[Result "1-0"]
[WhiteElo "2065"]
[BlackElo "1860"]

1. d4 e6 2. e4 d5 3. e5 c5 4. Bb5+ Bd7 5. Bxd7+ Qxd7 6. Nf3 b6 7. O-O h6 8. Be3
cxd4 9. Bxd4 Ne7 10. Nc3 Nbc6 11. Re1 Ng6 12. Nb5 Ncxe5 13. Nxe5 Nxe5 14. a4 Nc6
15. Bc3 a6 16. Nd4 Nxd4 17. Qxd4 Qc7 18. Qxd5 Rd8 19. Qh5 Rd5 20. Qxd5 1-0

[Event "Challenge"]
[Site "http://www.queenalice.com/game.php?id=1873397"]
[Date "2026.5.14"]
[Round "-"]
[White "jogo"]
[Black "PaulMSains"]
[Result "0-1"]
[WhiteElo "1335"]
[BlackElo "2055"]

1. e4 e5 2. Nf3 Nc6 3. Bb5 d6 4. O-O Bd7 5. c3 Nf6 6. Re1 Be7 7. h3 O-O 8. Qe2
h6 9. d4 exd4 10. cxd4 Nxd4 11. Nxd4 Bxb5 12. Nxb5 c6 13. N5c3 Re8 14. g4 Nh7
15. Bf4 g5 16. Bg3 Bf6 17. Na3 b5 18. Nc2 a5 19. Rad1 b4 20. Rxd6 Qc8 21. Nd1 c5
22. Qf3 Qb7 23. Rxf6 Nxf6 24. Qxf6 Kh7 25. Be5 Rg8 0-1

[Event "Challenge"]
[Site "http://www.queenalice.com/game.php?id=1873813"]
[Date "2026.5.22"]
[Round "-"]
[White "Mlintz"]
[Black "PaulMSains"]
[Result "0-1"]
[WhiteElo "1815"]
[BlackElo "2048"]

1. e4 e5 2. Nf3 Nf6 3. Bc4 h6 4. Nxe5 d6 5. Nxf7 Qe7 6. d3 Rh7 7. c3 Be6 8. Bxe6
Qxe6 9. Nxd6+ Bxd6 10. h3 Nbd7 11. Qf3 Ne5 12. Qe2 O-O-O 13. d4 Ned7 14. f3 Bg3+
15. Kf1 Rf8 16. Qc2 Nxe4 0-1